|
|
|
|
| LEADER |
00000nas a2200000 a 4500 |
| 001 |
ssj0000070480 |
| 003 |
WaSeSS |
| 005 |
20200512172242.0 |
| 006 |
m d |
| 007 |
cr n |
| 008 |
090708c20099999vaumx p s | a0eng |
| 010 |
|
|
|a 2011202379
|
| 022 |
|
|
|a 2163-5765
|y 1949-3711
|
| 032 |
|
|
|a 010115
|b USPS
|
| 035 |
|
|
|a (WaSeSS)ssj0000070480
|
| 037 |
|
|
|b American Physical Therapy Association, 1111 N. Fairfax St., Alexandria, VA 22314
|c $15.00 (single issue)
|c $80.00 (1 yr., individual, U.S.)
|c $95.00 (1 yr., foreign, institution)
|
| 040 |
|
|
|a LGG
|b eng
|c LGG
|d QE2
|d OCLCQ
|d DLC
|d OCLCQ
|d DLC
|d OCLCA
|d BUF
|d OCLCF
|d OCLCO
|d EUW
|d OCLCO
|d OCLCQ
|d OCLCO
|d Z5A
|d OCLCO
|d UII
|d OCLCO
|d OCLCA
|d MOW
|d AU@
|d OCLCO
|d WYU
|d OCLCO
|d AUD
|d OCLCO
|d OCLCA
|d VT2
|d OCLCO
|d WaSeSS
|
| 042 |
|
|
|a pcc
|a nsdp
|
| 050 |
1 |
4 |
|a RM690
|
| 060 |
0 |
0 |
|a W1
|b PT724
|
| 082 |
1 |
0 |
|a 615
|2 14
|
| 210 |
0 |
|
|a PT motion
|b (Online)
|
| 222 |
|
0 |
|a PT in motion
|b (Online)
|
| 245 |
0 |
0 |
|a PT in motion
|h [electronic resource].
|
| 246 |
1 |
3 |
|a Physical therapy in motion
|
| 260 |
|
|
|a Alexandria, VA :
|b American Physical Therapy Association
|
| 310 |
|
|
|a Eleven times a year
|
| 362 |
1 |
|
|a Began with vol. 1, no. 1 (Oct. 2009).
|
| 500 |
|
|
|a Dec./Jan. published as a combined issue.
|
| 500 |
|
|
|a For members of the American Physical Therapy Association.
|
| 506 |
|
|
|a License restrictions may limit access.
|
| 538 |
|
|
|a Mode of access: World Wide Web.
|
| 588 |
|
|
|a Description based on first issue; title from pdf cover (Apta.org, viewed July 8, 2009).
|
| 588 |
|
|
|a Latest issue consulted: Vol. 5, issue 7 (Aug. 2013) (CINAHL Plus with Full Text, viewed Sept. 4, 2013).
|
| 650 |
|
0 |
|a Physical therapy
|v Periodicals.
|
| 650 |
|
7 |
|a Physical therapy.
|2 fast
|0 (OCoLC)fst01062771
|
| 650 |
|
2 |
|a Physical Therapy Modalities.
|
| 655 |
|
0 |
|a Electronic journals.
|
| 710 |
2 |
|
|a American Physical Therapy Association.
|
| 776 |
0 |
8 |
|i Print version:
|t PT in motion
|x 1949-3711
|w (DLC) 2009203318
|w (OCoLC)422965794
|
| 780 |
0 |
0 |
|t PT magazine
|x 1538-6716
|w (DLC) 2002213725
|w (OCoLC)48918100
|
| 856 |
4 |
0 |
|z Full text available from Research Library: 10/01/2009 to present
|u https://search.proquest.com/publication/396459
|